000 00891nam a2200277 a 4500
008
020 _a9781138905887 (paperback)
040 _aNUST
_cNUST
049 _aMAIN
090 _aRC437.5
_bTHE
245 1 0 _aTherapy and the counter-tradition :
_bthe edge of philosophy/
_cedited by Manu Bazzano & Julie Webb.
260 _aAbingdon, Oxon :
_bRoutledge,
_c2016.
300 _axiv, 199 pages ;
_c24 cm.
336 _atext
_btxt
_2rdacontent
337 _aunmediated
_bn
_2rdamedia
338 _avolume
_bnc
_2rdacarrier
500 _aIncludes index.
504 _aIncludes bibliographical references.
650 1 _aPsychotherapy
_xPhilosophy.
700 _aBazzano, Manu.,
_aeditor.
700 _aWebb, Julie.,
_aeditor.
907 _a.b10408320
_b15-10-21
_c20-08-21
003
005 20230123141225.0
942 _cBOOKS
_kRC437.5
_mTHE
999 _c169818
_d169818